{"text_format":"3","workbook":"xlsx","n_sheets":3,"sheets":["Sheet1","Sheet2","Sheet3"],"read":"whole","date_system":"1900"}

{"sheet":"Sheet1","index":0,"n_rows":12,"n_cols":9,"rows_kept":12,"merged":[[0,0,0,6],[1,0,1,6],[2,0,3,0],[2,1,3,1],[2,2,3,2],[2,3,3,3],[2,4,2,5],[2,6,3,6]]}
["控制价清单表"]
["隆润朗景台项目-（车库）模板和（车库、高层、合院、商业、商业服务用房）水泥、砖砂石材料采购控制价清单"]
["序号","项目名称","单位","暂定工程量","控制价（含税13%）",null,"备注"]
[{"$nulls":4},"材料单价(元）","材料合价(元)"]
[1,"模板 综合","m2",{"v":100289.356,"d":"100289.36"},47.46,{"$f":"D5*E5","v":{"v":4759732.83576,"d":"4759732.84"}}]
[2,"煤矸石空心砖","m3",{"v":6373.75091603411,"d":"6373.75"},{"v":214.7,"d":"214.70"},{"v":1368444.32167252,"d":"1368444.32"},null,null,4567.52940622895]
[3,"煤矸石实心砖","m3",{"v":1653.92848743553,"d":"1653.93"},302.66,{"v":500577.996007238,"d":"500578.00"},null,null,810.997197240691]
[4,"蒸压加气混凝土砌块","m3",{"v":9040.67119653036,"d":"9040.67"},291.88,{"v":2638791.10884328,"d":"2638791.11"},null,null,9040.67119653036]
[5,"水泥 综合","t",{"v":986.05739,"d":"986.06"},{"v":384.2,"d":"384.20"},{"v":378843.249238,"d":"378843.25"},null,null,826.402544]
[6,"砂 综合","m3",{"v":253.057,"d":"253.06"},221.71,{"v":56105.26747,"d":"56105.27"},null,null,253.057]
[7,"碎石 综合","m3",{"v":970.345,"d":"970.35"},178.99,{"v":173682.05155,"d":"173682.05"},null,null,970.345]
[8,"合计","元",null,null,{"$f":"SUM(F5:F11)","v":{"v":9876176.83054104,"d":"9876176.83"}}]

{"sheet":"Sheet2","index":1,"n_rows":0,"n_cols":0,"rows_kept":0}

{"sheet":"Sheet3","index":2,"n_rows":0,"n_cols":0,"rows_kept":0}